Základy řízení Pro 4. ročník střední ekonomických škol studijní obor všeobecná ekonomika

Saved in:
Bibliographic Details
Format: Book
Language:Czech
Published: Praha Stát. ped. nakl. 1986
Edition:1. vyd.
Tags: Add Tag
No Tags, Be the first to tag this record!

MARC

LEADER 00000nam a2200000 4500
001 c040808
005 20221220073351.6
041 0 |a cze 
044 |a CZ 
245 1 0 |a Základy řízení  |b Pro 4. ročník střední ekonomických škol studijní obor všeobecná ekonomika 
250 |a 1. vyd. 
264 1 |a Praha  |b Stát. ped. nakl.  |c 1986 
300 |a 191 s.